Statistics for Cities of Northern Ireland and the Republic of Ireland

Click here to take the quiz!

General Stats

  • This quiz has been taken 125 times
  • The average score is 8 of 10

Answer Stats

CountryCity% Correct
Northern IrelandBelfast
100%
Republic of IrelandDublin
98%
Republic of IrelandCork
90%
Northern IrelandLondonderry
90%
Republic of IrelandGalway
76%
Republic of IrelandLimerick
74%
Republic of IrelandWaterford
59%
Northern IrelandArmagh
56%
Northern IrelandLisburn
55%
Northern IrelandNewry
54%

Score Distribution

Percentile by Number Answered

Percent of People with Each Score

Your Score History

You have not taken this quiz